Guarda la fotografia (Record n. 101702)
[ formato base ]
| 000 -LEADER | |
|---|---|
| fixed length control field | 01545njm a2200349Ia 4500 |
| 001 - CONTROL NUMBER | |
| control field | 97585 |
| 003 - CONTROL NUMBER IDENTIFIER | |
| control field | IT-RoPAU |
| 005 - DATE AND TIME OF LATEST TRANSACTION | |
| control field | 20220918181146.0 |
| 008 - FIXED-LENGTH DATA ELEMENTS--GENERAL INFORMATION | |
| fixed length control field | 131025s9999 xx 000 0 und d |
| 040 ## - CATALOGING SOURCE | |
| Original cataloging agency | IT-RoPAU |
| 040 ## - CATALOGING SOURCE | |
| Transcribing agency | IT-RoPAU |
| 041 ## - LANGUAGE CODE | |
| Language code of text/sound track or separate title | ITALIANO |
| 999 ## - SYSTEM CONTROL NUMBERS (KOHA) | |
| Koha Dewey Subclass [OBSOLETE] | n.d. |
| 100 ## - MAIN ENTRY--PERSONAL NAME | |
| Personal name | Jannacci Enzo |
| 9 (RLIN) | 2731 |
| 100 ## - MAIN ENTRY--PERSONAL NAME | |
| Relator term | Autore musica |
| 9 (RLIN) | 27684 |
| 100 ## - MAIN ENTRY--PERSONAL NAME | |
| Miscellaneous information | Codice autore musica SPICS: 10956 |
| 9 (RLIN) | 2733 |
| 245 ## - TITLE STATEMENT | |
| Title | Guarda la fotografia |
| 250 ## - EDITION STATEMENT | |
| Edition statement | 1a ed. |
| 260 ## - PUBLICATION, DISTRIBUTION, ETC. (IMPRINT) | |
| Place of publication, distribution, etc. | ITALIA |
| 260 ## - PUBLICATION, DISTRIBUTION, ETC. (IMPRINT) | |
| Name of publisher, distributor, etc. | DDD - DROGUERIA DI DRUGOLO |
| Date of publication, distribution, etc. | 1991 [1a Ed.:1991 - Ed. Lingua Orig.: 1991] |
| 300 ## - PHYSICAL DESCRIPTION | |
| Extent | COMPACT DISC |
| 500 ## - GENERAL NOTE | |
| General note | Musica leggera. Canzone italiana. Cantautore |
| 505 ## - FORMATTED CONTENTS NOTE | |
| Formatted contents note | Il gruista - I dispiaceri - L'alfabeto muore - La fotografia - Songo venuto - Sogno come mafia - Parliamone - La Strana famiglia - The Photograph |
| 650 ## - SUBJECT ADDED ENTRY--TOPICAL TERM | |
| Topical term or geographic name as entry element | CANTAUTORI [COMPACT DISC] |
| Relator term | Codice MATERIA SPICS: 9949 |
| 9 (RLIN) | 16479 |
| 700 ## - ADDED ENTRY--PERSONAL NAME | |
| Personal name | Jannacci Enzo |
| Relator term | Autore testo e musica |
| Miscellaneous information | Codice autore testo/musica SPICS: 10956 |
| 9 (RLIN) | 27685 |
| 700 ## - ADDED ENTRY--PERSONAL NAME | |
| Personal name | Gaber Giorgio |
| Relator term | Autore musica |
| Miscellaneous information | Codice autore musica SPICS: 10906 |
| Name of part/section of a work | La Strana famiglia |
| 9 (RLIN) | 27686 |
| 700 ## - ADDED ENTRY--PERSONAL NAME | |
| Personal name | Colli Ombretta |
| Relator term | Autore |
| Miscellaneous information | Codice autore SPICS: 11558 |
| Name of part/section of a work | La Strana famiglia |
| 9 (RLIN) | 27687 |
| 700 ## - ADDED ENTRY--PERSONAL NAME | |
| Personal name | Alloisio Giampiero |
| Relator term | Autore testo/musica |
| Miscellaneous information | Codice autore testo/musica SPICS: 10715 |
| Name of part/section of a work | La Strana famiglia |
| 9 (RLIN) | 27688 |
| 700 ## - ADDED ENTRY--PERSONAL NAME | |
| Personal name | Lemper U. |
| Relator term | Autore testo/musica |
| Miscellaneous information | Codice autore testo/musica SPICS: 33999 |
| Name of part/section of a work | The Photograph |
| 9 (RLIN) | 27689 |
| 700 ## - ADDED ENTRY--PERSONAL NAME | |
| Personal name | Jannacci Enzo |
| Miscellaneous information | Codice interprete SPICS: 10956 |
| Relator term | Interprete |
| 9 (RLIN) | 27690 |
| 942 ## - ADDED ENTRY ELEMENTS (KOHA) | |
| Koha item type | CD AUDIO |
| Source of classification or shelving scheme | Dewey Decimal Classification |
| Withdrawn status | Lost status | Damaged status | Not for loan | Home library | Current library | Date acquired | Total Checkouts | Full call number | Date last seen | Price effective from | Koha item type | Public note |
|---|---|---|---|---|---|---|---|---|---|---|---|---|
| Buone Condizioni | Not For Loan | SPICS-MEDIATECA | SPICS-MEDIATECA | 25/10/2013 | 97585 | 25/10/2013 | 25/10/2013 | CD AUDIO | Progr. Ins.: 22293 / N.Vol.: 1 / Copie: 1 - Copia rara: n.d. / date import: 01.01.2014 - By Epidotti, Trombetti, Vaglietti |